书目信息 |
| 题名: |
陈建功文集
|
|
| 作者: | 陈建功 著 | |
| 分册: | ||
| 出版信息: | 北京 科学出版社 1981 |
|
| 页数: | 410页 | |
| 开本: | 21cm | |
| 丛书名: | ||
| 单 册: | ||
| 中图分类: | O174-53 , O1-5 | |
| 科图分类: | ||
| 主题词: | 函数论--文集 , 数学 | |
| 电子资源: | ||
| ISBN: | ||
| 000 | 00679nam0 2200265 45 | |
| 001 | 0181005238 | |
| 005 | 20040521151400.7 | |
| 010 | @dCNY2.50 | |
| 091 | @a13031.1711 | |
| 100 | @a19950627d1981 emky0chiy0121 ea | |
| 101 | 0 | @achi |
| 102 | @aCN@b110000 | |
| 105 | @ay z 000yy | |
| 106 | @ar | |
| 200 | 10 | @a陈建功文集@Achen jian gong wen ji@f陈建功著@g《陈建功文集》编写组编 |
| 210 | @a北京@c科学出版社@d1981 | |
| 215 | @a410页@d21cm | |
| 606 | @a函数论@x文集 | |
| 606 | 0 | @a数学 |
| 690 | @aO174-53@v3 | |
| 690 | @aO1-5 | |
| 701 | 0 | @a陈建功@Achen jian gong@4著 |
| 801 | 0 | @aCN@b上海图书馆@c20040521 |
| 801 | 2 | @aCN@bNLC@c20040521 |
| 905 | @f1@b61747@dO1-5@e91 | |
| 陈建功文集/陈建功著/《陈建功文集》编写组编.-北京:科学出版社,1981 |
| 410页;21cm |
| ISBN :CNY2.50 |
| ● |
| 相关链接 |
|
|
|
|
正题名:陈建功文集
索取号:O1-5/91
 
预约/预借
| 序号 | 登录号 | 条形码 | 馆藏地/架位号 | 状态 | 备注 |
| 1 | 0061747 | 001247323 | 第三借阅区/ [索取号:O1-5/91] | 在馆 | |
| 2 | 0061748 | 001247369 | 第二样本阅览室/ [索取号:O1-5/91] | 在馆 |